| 000 | 00000nam 2200000zi 4500 |
| 001 | 9.922244 |
| 003 | CaOODSP |
| 005 | 20230503154204 |
| 006 | m o d f |
| 007 | cr |n||||||||| |
| 008 | 230503s1997 onc o f000 0 fre d |
| 020 | |z0662819543 |
| 040 | |aCaOODSP|bfre|erda|cCaOODSP |
| 043 | |an-cn--- |
| 086 | 1 |aC2-314/1997F-PDF|zC2-314/1997F |
| 245 | 00|aAccord sur le commerce extérieur. |
| 264 | 1|a[Ottawa] : |bIndustrie Canada = Industry Canada, |c[1997] |
| 300 | |a1 ressource en ligne (10 pages non numérotées) |
| 336 | |atexte|btxt|2rdacontent/fre |
| 337 | |ainformatique|bc|2rdamedia/fre |
| 338 | |aressource en ligne|bcr|2rdacarrier/fre |
| 500 | |aÉdition numérisée de l'imprimé [par Innovation, Sciences et Développement économique Canada]. |
| 500 | |aPublié aussi en anglais sous le titre : The Agreement on Internal Trade. |
| 500 | |a« 51398F. » |
| 650 | 6|aCommerce interprovincial (Canada) |
| 650 | 6|aRelations fédérales-provinciales (Canada) |
| 650 | 6|aCommerce international|xRéglementation|zCanada|xProvinces. |
| 710 | 1 |aCanada. |bIndustrie Canada, |eorganisme de publication. |
| 775 | 08|tThe Agreement on Internal Trade.|w(CaOODSP)9.922241 |
| 856 | 40|qPDF|s542 Ko|uhttps://publications.gc.ca/collections/collection_2023/isde-ised/c2/C2-314-1997-fra.pdf |